UM Logo

In his own: (Record no. 2598)

MARC details
000 -LEADER
fixed length control field 00657nam a22002057a 4500
003 - CONTROL NUMBER IDENTIFIER
control field OSt
005 - DATE AND TIME OF LATEST TRANSACTION
control field 20250820062518.0
008 - FIXED-LENGTH DATA ELEMENTS--GENERAL INFORMATION
fixed length control field 160518b xxu||||| |||| 00| 0 eng d
020 ## - INTERNATIONAL STANDARD BOOK NUMBER
International Standard Book Number 0-9700198-5-8
040 ## - CATALOGING SOURCE
Transcribing agency LIC
082 ## - DEWEY DECIMAL CLASSIFICATION NUMBER
Edition number 2003
Classification number DFil 303.372
Item number C26i
100 ## - MAIN ENTRY--PERSONAL NAME
9 (RLIN) 8576
Personal name Castilla, Greg S.
245 ## - TITLE STATEMENT
Title In his own:
Remainder of title the educational thoughts of Carlos Bulosan/
Statement of responsibility, etc. Greg S. Castilla.
260 ## - PUBLICATION, DISTRIBUTION, ETC. (IMPRINT)
Place of publication, distribution, etc. Naga City:
Name of publisher, distributor, etc. Ateneo de Naga University Press,
Date of publication, distribution, etc. c2003.
300 ## - PHYSICAL DESCRIPTION
Extent xxiii, 168 pages:
Other physical details illustrations;
Dimensions 22 cm.
365 ## - TRADE PRICE
Price amount 350.00
Currency code Php
500 ## - GENERAL NOTE
General note Includes bibliographical references and index.
650 #0 - SUBJECT ADDED ENTRY--TOPICAL TERM
Topical term or geographic name as entry element Social justice.
9 (RLIN) 8577
942 ## - ADDED ENTRY ELEMENTS (KOHA)
Source of classification or shelving scheme Dewey Decimal Classification
Koha item type Filipiniana
Holdings
Withdrawn status Lost status Source of classification or shelving scheme Damaged status Not for loan Collection code Home library Current library Date acquired Source of acquisition Total Checkouts Full call number Barcode Date last seen Copy number Cost, replacement price Price effective from Koha item type
    Dewey Decimal Classification     Filipiniana UM Digos College - LIC UM Digos College - LIC 09/09/2004 Purchased   DFil 303.372 C26i 2003 17761 05/15/2025 1 350.00 05/18/2016 Filipiniana